Random Facts: The Sequel - Statistics

General Stats
  • This quiz has been taken 35 times
  • The average score is 8 of 14
Answer Stats
Hint Answer % Correct
77+1 78
100%
Your Five Fingers Pinkie Finger
95%
Your Five Fingers Thumb
95%
Your Five Fingers Middle Finger
91%
Your Five Fingers Ring Finger
82%
11x438 4818
68%
The ___ End
64%
Your Five Fingers Pointer Finger
64%
Type the name of this quiz seven times. You did it!
55%
Fill in the Voltaire Quote: ________ _____ is not so common. Common Sense
32%
Why? Why not?
18%
City with the most dogs per capita. Tel-Aviv
14%
Most popular name in 1300's England. William
14%
Where is the town of Boring? Oregon
9%
No matching quizzes found
Score Distribution
Percent of People with Each Score
Percentile by Number Answered
Your Score History
You have not taken this quiz